000 00731nam a2200253Ia 4500
003 OSt
005 20220918205645.0
006 a|||||r|||| 00| 0
007 ta
008 220917b |||||||| |||| 00| 0 eng d
024 _a117,406
037 _cTextual
040 _aARTS
_cARTS
_beng
041 _2eng
_aeng
082 _aV72.NjM99, K9
100 _aDyck Harvey L ed
_9115732
245 0 _aEmpire and nations
_b essays in honour of Frederick H Soward
260 _aToronto
_bToronto Univ Press
_c1969
300 _axxi,227p.
_ccm.
650 _aHISTORY
700 _a Krosby H Peter ed
_9115733
942 _hV72.NjM99, K9
_cTEXL
_2CC
999 _c240688
_d240688